Dạy học ở mẫu giáo

Kết quả nghiên cứu về vấn đề lý luận dạy học ở mẫu giáo. Vai trò của công tác giáo dục trong quá trình giảng dạy ở mẫu giáo; Tính chất hoạt động học tập của trẻ nhỏ, đặc điểm hình thành hoạt động của trẻ; Vạch ra quá trình giảng dạy trong các giờ học; Phân tích chương trình, sách giáo khoa của mẫu g...

Mô tả đầy đủ

Đã lưu trong:
Chi tiết về thư mục
Tác giả chính: Uxôva, A. P.
Tác giả khác: Nguyễn Trọng Vinh (Dịch)
Định dạng: Sách
Ngôn ngữ:Vietnamese
Được phát hành: H. Giáo dục 1977
Những chủ đề:
Các nhãn: Thêm thẻ
Không có thẻ, Là người đầu tiên thẻ bản ghi này!
Thư viện lưu trữ: Mạng thư viện Đại học Đà Nẵng
LEADER 01571nam a2200361 4500
001 000006297
003 2452
005 20110912110904.0
008 110907s1977 viesd
020 |c 4500đ 
041 0 |a vie 
082 |a 372.20  |b UXÔ 
100 0 |a Uxôva, A. P. 
245 0 |a Dạy học ở mẫu giáo  |c A. P. Uxôva ; Người dịch: Nguyễn Trọng Vinh ; Người hiệu đính: Bùi Ngọc 
260 |a H.  |b Giáo dục  |c 1977 
300 |a 160 tr.  |c 19 cm 
520 |a Kết quả nghiên cứu về vấn đề lý luận dạy học ở mẫu giáo. Vai trò của công tác giáo dục trong quá trình giảng dạy ở mẫu giáo; Tính chất hoạt động học tập của trẻ nhỏ, đặc điểm hình thành hoạt động của trẻ; Vạch ra quá trình giảng dạy trong các giờ học; Phân tích chương trình, sách giáo khoa của mẫu giáo 
653 |a Giáo dục 
653 |a Dạy học 
653 |a Trẻ em 
653 |a Mẫu giáo 
700 |a Nguyễn Trọng Vinh  |e Dịch 
910 |a Huỳnh Thị Cẩm Lai  |d 07/09/2011 
OWN |a LSP 
AVA |a UDN50  |b LSP  |d 372.20 UXÔ  |e unavailable  |t Error 5002 Not defined in file expand_doc_bib_avail.  |f 2  |g 2  |h N  |i 0  |k 1 
999 |a From the UDN01 
AVA |a UDN50  |b LSP  |d 372.20 UXÔ  |e unavailable  |t Error 5002 Not defined in file expand_doc_bib_avail.  |f 2  |g 2  |h N  |i 0  |k 1 
TYP |a Monograph 
TYP |a Printed language 
980 |a Mạng thư viện Đại học Đà Nẵng